| 000 | 01378nam a2200349 i 4500 | ||
|---|---|---|---|
| 001 | 195991 | ||
| 003 | ES-MaACL | ||
| 005 | 20250414063102.0 | ||
| 008 | 240809s2019 sp a r 000 0 spa d | ||
| 017 | _aM 6790-2019 | ||
| 020 | _a9788416397907 | ||
| 035 | _aRebiun23575423 | ||
| 040 |
_aUPM _bspa _cES-MaACL _dES-MaACL |
||
| 245 | 0 | 0 |
_aAnuario ETSAM 2017-18 / _c[editores, Iñigo Cobeta, Belén Moneo, Marta Muñoz]. |
| 260 |
_aMadrid : _bFundación General de la UPM, _c2019. |
||
| 300 |
_a760 p. : _bil. ; _c24 cm. |
||
| 336 |
_2rdacontent _atexto |
||
| 337 |
_2rdamedia _asin mediación |
||
| 338 |
_2rdacarrier _avolumen |
||
| 650 | 4 |
_aEnseñanza superior _912317 |
|
| 650 | 4 |
_aArquitectura _99986 |
|
| 655 | 7 |
_2tgfbne _9226822 _aAnuarios |
|
| 700 |
_aCobeta, Íñigo _9237948 _epbl |
||
| 700 |
_aMoneo, Belén _9237949 _epbl |
||
| 700 |
_aMuñoz Sigüenza, Marta _9237950 _epbl |
||
| 710 | 2 |
_aUniversidad Politécnica de Madrid. _bEscuela Técnica Superior de Arquitectura _97437 |
|
| 852 |
_aES-MaACL _bR.152811 _cDEPOJ _jN-9110 _gFirmado y dedicado por Manuel Blanco, director de la ETSAM (UPM) _hDonación: Editorial _xEncuadernación rústica con solapas _9205009 |
||
| 942 |
_cMONOGRAFIA _n0 |
||
| 999 |
_c195991 _d195991 |
||